McCracken's removable partial prosthodontics / (Record no. 172026)

MARC details
000 -LEADER
fixed length control field 01003nam a22002777a 4500
003 - CONTROL NUMBER IDENTIFIER
control field OSt
005 - DATE AND TIME OF LATEST TRANSACTION
control field 20250617151534.0
008 - FIXED-LENGTH DATA ELEMENTS--GENERAL INFORMATION
fixed length control field 250617b |||||||| |||| 00| 0 eng d
020 ## - INTERNATIONAL STANDARD BOOK NUMBER
International Standard Book Number 9780323339902 (hardcover)
040 ## - CATALOGING SOURCE
Original cataloging agency NUST
Language of cataloging eng
Transcribing agency NUST
Modifying agency NUST
Description conventions rda
050 ## - LIBRARY OF CONGRESS CALL NUMBER
Classification number RK665 CAR
100 ## - MAIN ENTRY--PERSONAL NAME
Personal name Carr, Alan B
Relator term Author
245 ## - TITLE STATEMENT
Title McCracken's removable partial prosthodontics /
Statement of responsibility, etc. Alan B. Carr and david T. Brown.
250 ## - EDITION STATEMENT
Edition statement Thirteenth edition.
260 ## - PUBLICATION, DISTRIBUTION, ETC.
Place of publication, distribution, etc. St. Louis, Missouri :
Name of publisher, distributor, etc. Elsevier,
Date of publication, distribution, etc. ©2016.
300 ## - PHYSICAL DESCRIPTION
Extent xi, 375 pages :
Other physical details Illustrations ;
Dimensions 28 cm.
336 ## - CONTENT TYPE
Source rdamedia
Content type term text
Content type code txt
337 ## - MEDIA TYPE
Source rdamedia
Media type term unmediated
Media type code n
338 ## - CARRIER TYPE
Source rdamedia
Carrier type term volume
Carrier type code nc
504 ## - BIBLIOGRAPHY, ETC. NOTE
Bibliography, etc. note Includes bibliographical references and index.
650 ## - SUBJECT ADDED ENTRY--TOPICAL TERM
Form subdivision Technology Medicine & health .
650 ## - SUBJECT ADDED ENTRY--TOPICAL TERM
Form subdivision MEDICAL Dentistry General.
650 ## - SUBJECT ADDED ENTRY--TOPICAL TERM
Form subdivision Prosthetic dentistry. Prosthodontics.
700 ## - ADDED ENTRY--PERSONAL NAME
Personal name Brown, David T
Relator term Author
942 ## - ADDED ENTRY ELEMENTS (KOHA)
Source of classification or shelving scheme Library of Congress Classification
Koha item type Ordinary Loan Books
Edition Thirteenth edition.
Classification part RK665 CAR
Call number prefix RK
Call number suffix CAR
Suppress in OPAC No
Holdings
Withdrawn status Lost status Source of classification or shelving scheme Damaged status Not for loan Collection Home library Current library Shelving location Date acquired Source of acquisition Cost, normal purchase price Total Checkouts Full call number Barcode Date last seen Accession number Cost, replacement price Price effective from Koha item type Public note
    LCC     NFIC MEDICAL MEDICAL GEN 06/17/2025 Book Aid International 85.00   RK665 CAR 92004057132 06/17/2025 63289 85.00 06/17/2025 BOOKS Donation